000 00632nam a2200241Ia 4500
003 OSt
005 20220916111012.0
006 a|||||r|||| 00| 0
007 ta
008 220915b |||||||| |||| 00| 0 eng d
024 _a93926
037 _cTextbook
040 _beng
_aARTS
_cARTS
041 _aeng
082 _aU:691:N0, 122D5
100 _aGilis Bouzeran A
245 0 _aRecits sur Madagascar: Depuis 1897 Jusqu's ce jour
260 _c1905
650 _aGEOGRAPHY
700 _a Lavoipiere Ch
942 _hU:691:N0, 122D5
_cTB
_2CC
999 _c103018
_d103018